Statistiques concernant Focus sur: Ted Lupin - Harry Potter

Cliquez ici pour prendre le quiz!

Statistiques générales

  • Ce quiz a été pris 177 fois
    (174 depuis la dernière actualisation)
  • Le résultat moyen est 7 sur 9

Statistiques - réponses

Informations recherchéesRéponses% Correct
Ecole fréquentéePoudlard
98%
Statut du sangSang-Mêlé
97%
Maison fréquentéePoufsouffle
95%
Première apparitionHarry Potter et les Reliques de la Mort
93%
SurnomTeddy
92%
PèreRemus Lupin
91%
MèreNymphadora Tonks
87%
EspèceMétamorphomage
55%
Acteur l'interprétant dans les films
(coupé au montage)
Luke Newberry
13%

Distribution des résultats

Percentile par nombre de réponses

% des personnes avec chaque résultat

Votre développement - résultats

Vous n’avez pas pris ce quiz depuis la dernière actualisation